'G' Celebrity Images Quiz Stats

Quiz Updated May 9, 2013

Challenge
Share
Tweet
Score 0/20 Timer 05:00
4 Plays Today
% Correct
Whoopi Goldberg
95.5%
Mel Gibson
87.5%
Bill Gates
82.1%
Hugh Grant
79%
Richard Gere
76.9%
Selena Gomez
74.6%
Al Gore
74.3%
John Goodman
73%
Sarah Michelle Gellar
65.2%
Kelsey Grammer
64.5%
% Correct
Clark Gable
55.6%
Wayne Gretzky
55.3%
Kathy Griffin
54.8%
Steffi Graf
53.1%
Judy Garland
53%
Andy Gibb
51.9%
Jake Gyllenhaal
51.7%
Kathie Lee Gifford
46.5%
Joseph Gordon-Levitt
45.2%
Josh Groban
42.8%

You're not logged in!

Compare scores with friends on all Sporcle quizzes.
Sign Up with Email
OR
Log In

You Might Also Like...

Show Comments

Extras

Top Quizzes Today


Score Distribution

Your Account Isn't Verified!

In order to create a playlist on Sporcle, you need to verify the email address you used during registration. Go to your Sporcle Settings to finish the process.